000 01254cam a22003497a 4500
003 CHAP
005 20220329142706.0
008 010920d2001 mx r 00110 spa d
010 _a86587
011 _a87559
035 _a98103
040 _cCHAP
090 _aTesis
100 0 0 _aCigarroa Lamí, Farith.
_923286
245 1 0 _aEfectividad biológica de herbicidas en pica-pica mansa (Mucuna pruriens (L.)DC, var. utilis (Wall. Ex Wight) Black en Chapingo, México
_c/por Farith Cigarroa Lamí
260 _aChapingo, Méx. :
_bEl autor,
_c2002.
300 _a38 h.
502 _aTesis (Ing. Agr. Esp. en Parasitología Agrícola)
590 _aALEPH
_b10
_c20130110
_lUCH01
_h1450
590 _aBATCH-UPD
_b10
_c20130109
_lUCH01
_h2357
590 _aBATCH-UPD
_b10
_c20130110
_lUCH01
_h1608
590 _aBATCH-UPD
_b10
_c20130410
_lUCH01
_h1003
590 _aBATCH-UPD
_b10
_c20130914
_lUCH01
_h1608
590 _aCONVERSION
_b10
_c20130109
_lUCH01
_h1348
650 1 4 _aHerbicidas
_xEfecto en plantas.
_953696
650 1 4 _aMucuna pruriens.
_979260
901 _aBK
905 _aAlejandra Carrasco M.
942 _cFOLL
949 _aTesis
_bBC
_cTES
_d33724000872040
_eTS2
_fc.2
_h40217
_i98103
_sb
949 _aTesis
_bBC
_cTES
_d981031
_eTS1
_h40216
_i98103
_sb
999 _c86587
_d86587